|
|
|
|
| LEADER |
01296nam a2200337 a 4500 |
| 001 |
000556449 |
| 003 |
CZ BrMZK |
| 005 |
20220105214836.0 |
| 007 |
ta |
| 008 |
010907s2000 xr cze d |
| 020 |
|
|
|a 80-7201-249-5
|
| 040 |
|
|
|a BOA001
|b cze
|
| 043 |
|
|
|a e-xr---
|
| 072 |
|
7 |
|a 347
|x Soukromé právo
|2 Konspekt
|9 16
|
| 080 |
|
|
|a 347
|2 MRF
|
| 080 |
|
|
|a (437.3)
|2 MRF
|
| 080 |
|
|
|a (094.5)
|2 MRF
|
| 080 |
|
|
|a (0.072)
|2 MRF
|
| 100 |
1 |
|
|a Bičovský, Jaroslav,
|d 1910-1996
|7 jk01012014
|4 com
|4 cwt
|
| 245 |
1 |
0 |
|a Občanský zákoník :
|b poznámkové vydání s judikaturou a novou literaturou (včetně věcného rejstříku) : podle právního stavu k 1.1.2001 /
|c uspořádali a poznámkami k textu opatřili Jaroslav Bičovský, Josef Fiala, Milan Holub
|
| 250 |
|
|
|a 7. aktualiz. a dopl. vyd.
|
| 260 |
|
|
|a Praha :
|b Linde,
|c 2000
|
| 300 |
|
|
|a 775 s. ;
|c 21 cm
|
| 650 |
0 |
7 |
|a občanské právo
|7 ph115540
|z Česko
|2 czenas
|
| 655 |
|
7 |
|a zákony
|7 fd133886
|2 czenas
|
| 655 |
|
7 |
|a komentáře
|7 fd132578
|2 czenas
|
| 700 |
1 |
|
|a Holub, Milan,
|d 1934-2004
|7 jk01041816
|4 com
|4 cwt
|
| 700 |
1 |
|
|a Fiala, Josef,
|d 1902-1984
|7 jk01031000
|4 com
|4 cwt
|
| 910 |
|
|
|a BOA001
|b 2-1084.170
|
| 990 |
|
|
|a BK
|
| 996 |
6 |
|
|b 2610133404
|c 2-1084.170
|l MZK
|r Sklad / do 1 hodiny
|n 2
|p p.v.
|w 000556449
|u 000010
|a 1
|e BOA001
|j MZK50
|s P
|